000 01117cam a22003255a 4500
001 15701331
003 OSt
005 20140310181807.0
008 090416s2009 ph ab b 001 0 eng
010 _a 2009316343
020 _a9789710512041
040 _aDLC
_cDLC
042 _alcode
043 _aa-ph---
050 _aQK 495
_b.V713 2009
082 _aREF 615
_bV71 2009
100 1 _aVillafuerte, Luis R.
245 1 0 _aMoringa :
_bmalunggay Philippines /
_c[Luis R. Villafuerte, Lalaine Villafuerte-Abonal].
260 _a[Manila] :
_bApples of Gold Pub.,
_cc2009.
300 _a306 p. :
_bcol. ill., map ;
_c31 cm.
504 _aIncludes bibliographical references (p. 266-286) and index.
520 _a1. Plants, Medicinal,--Chemistry--Congresses. 2. Herbs--Therapeutic use. 3. Moringa--Malunggay--Philippines.
521 _aBasic Ed. Students
541 _j1
562 _eFor circulation. 1 copy in the collection
700 1 _aAbonal, Lalaine Villafuerte-
906 _a7
_bibc
_corigode
_d3
_encip
_f20
_gy-gencatlg
942 _2lcc
_cBK-GR
_kREF
999 _c3826
_d3826